000 00779cam a2200265 4500
008 090401t1998 xxu||||| |||| 00| 0 eng d
020 _a0854069100
035 _a(Sirsi) u87506
041 _aeng
050 _a692.5023
110 _aRoyal Institution of Chartered Surveyors
_94900
245 4 _aThe challenge of change : QS Think Tank 1998 : questioning the future of the profession.
260 _aLondon
_bRICS
_c1998
300 _a20p. ; 30cm.
350 _a15
650 _aCHARTERED QUANTITY SURVEYORS
650 _aFUTURE OF THE PROFESSION
650 _aQS THINK TANK 1998
650 _aBUILT ENVIRONMENT-QUANTITY SURVEYING
650 _aSKILLS
650 _aWORKING PRACTICES
690 _aQuantity surveying
_96263
942 _n0
948 _c21/07/1998
999 _c97245
_d97245